Same Age Celebrity Match Quiz Stats

 Plays Quiz Updated Oct 10, 2018

Also try: Born in...1985
Challenge
Share
Tweet
Score 0/15 Timer 05:00
1 Play Today
% Correct
Harry Styles
75.5%
Jaden Smith
74.1%
Charlie Chaplin
70.6%
Scarlett Johansson
62.8%
Marilyn Monroe
56.6%
Emma Watson
51.6%
John Wayne
45.2%
Dean Martin
45.1%
% Correct
James Franco
41.7%
Morgan Freeman
40.3%
Barack Obama
39.7%
Sylvester Stallone
39.7%
Ben Affleck
33.1%
Vin Diesel
33.1%
Ron Howard
31.4%

You're not logged in!

Compare scores with friends on all Sporcle quizzes.
OR
Log In

You Might Also Like...

Show Comments

Extras

Top Quizzes Today


Score Distribution

Your Account Isn't Verified!

In order to create a playlist on Sporcle, you need to verify the email address you used during registration. Go to your Sporcle Settings to finish the process.

Report this User

Report this user for behavior that violates our Community Guidelines.

Details: